00834cam a22002411 4500001001300000003000400013005001700017008004100034010001700075035001900092040001800111042001200129050001600141100002800157245016000185260004400345300003200389504007000421650003200491700003000523700002400553999001500577agr33000199 DLC20260227110953.0800814s1932 gw a b 000 0 ger  aagr33000199  a(OCoLC)6617136 aDLCcNICdDLC apremarc00aSB745b.H331 aHaselhoff, Emil,d1862-10aEntstehung, erkennung und beurteilung von rauchschäden,chrsg. von Prof. Dr. E. Haselhoff. Zusammen mit Prof. Dr. G. Bredemann und Dr. Jur. W. Haselhoff. aBerlin,bGebrüder Borntraeger,c1932. axii, 472 p.billus.c23 cm. a"Verzeichnis des schrifttums": p.[278]-284, [371]-392, [456]-460. 0aPlantsxEffect of smoke on.1 aBredemann, Gustav,d1880-1 aHaselhoff, Wilhelm. c9570d9570